[Event "IPCA Wch 19th"]
[Site "Ruzomberok"]
[Date "2019.07.06"]
[Round "9"]
[White "Sovietova, Kateryna"]
[Black "Angappan, A."]
[Result "0-1"]
[WhiteElo "1279"]
[BlackElo "1267"]
[PlyCount "112"]
[EventDate "2019.06.28"]
[EventType "swiss"]
[EventRounds "9"]
[EventCountry "SVK"]
[SourceTitle "CBM 191 Extra"]
[Source "ChessBase"]
[SourceDate "2019.09.30"]
[SourceVersion "1"]
[SourceVersionDate "2019.09.30"]
[SourceQuality "1"]

1. d4 d5 2. Bf4 e6 3. e3 Nf6 4. h3 Be7 5. Nf3 0-0 6. Bd3 b6 7. 0-0 Bb7 8. Ne5 Nbd7 9. Nd2 c5 10. c3 a6 11. Ndf3 b5 12. Nxd7 Qxd7 13. Ne5 Qd8 14. Re1 Rc8 15. a3 b4 16. axb4 cxb4 17. Bxa6 Bxa6 18. Rxa6 bxc3 19. Rc6 cxb2 20. Rxc8 Qxc8 21. Nd3 Ba3 22. f3 Qc3 23. Qb1 Rc8 24. Kh2 Qc2 25. Nxb2 Qxb2 26. Qxb2 Bxb2 27. Rb1 Ba3 28. Rb3 Bf8 29. Be5 h6 30. g4 Rd8 31. Rc3 Bd6 32. Bxd6 Rxd6 33. Rc8+ Kh7 34. Rc7 Rd7 35. Rc3 Rb7 36. Kg3 Kg6 37. h4 h5 38. gxh5+ Nxh5+ 39. Kf2 Rb2+ 40. Ke1 Rh2 41. e4 Rxh4 42. exd5 exd5 43. Rd3 f5 44. Kf2 Rh2+ 45. Ke1 Nf4 46. Ra3 Kg5 47. Ra7 g6 48. Ra1 Rh1+ 49. Kf2 Rxa1 50. Kg3 Rf1 51. Kh2 Rxf3 52. Kg1 Kg4 53. Kh2 Rf2+ 54. Kh1 Kg3 55. Kg1 Ne2+ 56. Kh1 Rf1# 0-1

[Event "IPCA Wch 19th"]
[Site "Ruzomberok"]
[Date "2019.06.30"]
[Round "3"]
[White "Tsapalin, Sergey"]
[Black "Angappan, A."]
[Result "1-0"]
[WhiteElo "1935"]
[BlackElo "1267"]
[PlyCount "119"]
[EventDate "2019.06.28"]
[EventType "swiss"]
[EventRounds "9"]
[EventCountry "SVK"]
[SourceTitle "CBM 191 Extra"]
[Source "ChessBase"]
[SourceDate "2019.09.30"]
[SourceVersion "1"]
[SourceVersionDate "2019.09.30"]
[SourceQuality "1"]

1. d4 d5 2. c4 e6 3. Nc3 Nf6 4. cxd5 exd5 5. Bg5 Nbd7 6. e3 Be7 7. Bd3 0-0 8. Nge2 b6 9. 0-0 Bb7 10. Qc2 c5 11. Ng3 Rc8 12. Nf5 Re8 13. Qa4 c4 14. Bb1 Bc6 15. Qc2 Bf8 16. h4 h6 17. Bf4 Ne4 18. f3 g6 19. fxe4 dxe4 20. Nxh6+ Bxh6 21. Bxh6 Qxh4 22. Bf4 Kg7 23. Qf2 Qh5 24. Be5+ Nxe5 25. dxe5 Re7 26. Qf6+ Kf8 27. Bxe4 Bxe4 28. Nxe4 Qxe5 29. Qxe5 Rxe5 30. Rxf7+ Kxf7 31. Nd6+ Kf6 32. Nxc8 Rxe3 33. Nxa7 Re2 34. Rf1+ Ke6 35. Rf2 Re4 36. Nb5 Ke5 37. Rc2 g5 38. Kf2 Rf4+ 39. Ke3 Re4+ 40. Kd2 Rg4 41. Kc3 Kd5 42. Kb4 Rf4 43. Nc3+ Kd4 44. Ne2+ Kd3 45. Nxf4+ Kxc2 46. Nd5 Kxb2 47. a4 Kc2 48. Kxc4 Kd2 49. Nxb6 g4 50. Nd5 Ke2 51. Nf6 g3 52. Ne4 Ke3 53. Nxg3 Kf2 54. a5 Kxg2 55. a6 Kh2 56. a7 Kg1 57. a8Q Kh2 58. Qf3 Kg1 59. Ne2+ Kh2 60. Qg3+ 1-0